000 00739nam a22001937a 4500
008 161115b xxu||||| |||| 00| 0 eng d
020 _a978-971-0161-54-6
082 _22014
_aDFil 959.9
_bD38p
100 _917311
_aDelos Santos, Andres R.
245 _aPhilippine History:
_ba review on the continuous tribulations and triumphs/
_cAndres R. Delos Santos, Orlando H. Ramos and Vanessa D. Umali.
250 _aSecond Edition
260 _aMalabon City:
_bJimczyville Publications,
_cc2014.
300 _avi, 288 pages:
_billustrations;
_c26 cm.
500 _aIncludes bibliographical references.
650 0 _917312
_aPhilippine -- History.
700 _917313
_aRamos, Orlando H.
700 _917314
_aUmali, Vanessa D.
942 _2ddc
_cDFIL
999 _c5641
_d5641